000 00440nam a2200181Ia 4500
008 100917s9999 xx 000 0 und d
082 _b54961
100 _aमाळवदे रमण
245 _aदालन
260 _bप्रिया प्रकाशन
_c1982
300 _a140
365 _b25
520 _aकथा
630 _aदालन
650 _aकथा
730 _aदालन
942 _cBOOK
999 _c660355
_d660352